Sabotage in space /

Bibliographic Details
Main Author: Rockwell, Carey
Format: Book
Language:English
Published: New York : Grosset & Dunlap, [1955]
Series:Rockwell, Carey. Tom Corbett space cadet adventure ; 7.

MARC

Tag First Indicator Second Indicator Subfields
LEADER 00000cam a2200000 4500
001 in00000037492
005 20151007074324.0
008 781218s1955 nyua 00001 eng
010 |a  55001196  
035 |a (OCoLC)04471127 
035 |9 AAF1326AM 
040 |a DLC  |c EEM  |d TXA  |d UtOrBLW 
049 |a TXAS  |c 1 [1700122], 2 
050 0 0 |a PZ7.R5945  |b Sab 
100 1 |a Rockwell, Carey. 
245 1 0 |a Sabotage in space /  |c Willy Ley, technical advisor. 
264 1 |a New York :  |b Grosset & Dunlap,  |c [1955] 
264 4 |c [©1955] 
300 |a 212 pages :  |b illustrations ;  |c 20 cm. 
336 |a text  |b txt  |2 rdacontent 
337 |a unmediated  |b n  |2 rdamedia 
338 |a volume  |b nc  |2 rdacarrier 
490 1 |a His A Tom Corbett space cadet adventure [7] 
800 1 |a Rockwell, Carey.  |t Tom Corbett space cadet adventure ;  |v 7. 
999 |a MARS 
999 f f |s fabcdf13-662b-382c-b933-6f00800d0d43  |i 02e68b82-734f-35c9-9000-00937e670234  |t 0 
952 f f |p noncirc  |a Texas A&M University  |b College Station  |c Cushing Memorial Library & Archives  |d Cushing: Science Fiction (Does not check out)  |t 0  |e PZ7.R5945 Sab  |h Library of Congress classification  |i unmediated -- volume  |m A14800458721 
952 f f |p noncirc  |a Texas A&M University  |b College Station  |c Cushing Memorial Library & Archives  |d Cushing: Science Fiction (Does not check out)  |t 0  |e PZ7.R5945 Sab  |h Library of Congress classification  |i unmediated -- volume 
998 f f |a PZ7.R5945 Sab  |t 0  |l Cushing: Science Fiction (Does not check out) 
998 f f |a PZ7.R5945 Sab  |t 0  |l Cushing: Science Fiction (Does not check out)